000 00425nam a22001217a 4500
999 _c9859
_d9859
003 OSt
008 201203b ||||| |||| 00| 0 eng d
245 _aThe ICFAI University journal of business strategy : IJBS
250 _a2008(Dec Vol.5 No.4) 2007(Dec Vol.4 No.4) 2010(Mar-Jun Vol.7 No.1-2) 2009(Sep-Dec Vol.6 No.3-4)
260 _bICFAI University Press
_aHyderabad, Andhra Pradesh
650 _aManagement
942 _2ddc
_cBV